| 000 | 00831nam a2200145Ia 4500 | ||
|---|---|---|---|
| 008 | 100204s9999 xx 000 0 und d | ||
| 082 | _b24954 | ||
| 100 | _aभडकमकर रोचना | ||
| 245 | _aसंगीत यात्रा हिंदुस्थानी संगीतातील रांगचा आस्वादक परिचय | ||
| 260 |
_b"प्रतिमाा प्रकाशन , पुणे 30" _c2001 |
||
| 300 | _a256 | ||
| 630 | _aसंगीत यात्रा हिंदुस्थानी संगीतातील रांगचा आस्वादक परिचय | ||
| 730 | _aसंगीत यात्रा हिंदुस्थानी संगीतातील रांगचा आस्वादक परिचय | ||
| 942 | _cBOOK | ||
| 999 |
_c470134 _d470131 |
||